| 000 | 00990nam a22002297a 4500 | ||
|---|---|---|---|
| 999 |
_c12726 _d12726 |
||
| 003 | AR-CdUCM | ||
| 008 | 190410b ||||| |||| 00| 0 spa d | ||
| 020 | _a8483870320 | ||
| 040 |
_aMUNICIPALIDAD PROVINCIAL DEL CUSCO _cBIBLIOTECA MUNICIPAL DEL CUSCO |
||
| 082 |
_a307.72 / _bD39 |
||
| 100 |
_aDevisscher Leroux, Marc _930740 |
||
| 245 |
_aLa problemática de la gestión en las organizaciones económicas campesinas : _bun análisis comparado en Bolivia / |
||
| 260 |
_aCusco : _bCBC, _c1986. |
||
| 300 |
_a85 páginas ; _c24 cm. |
||
| 440 |
_aTrabajos del colegio andino _n18 _930741 |
||
| 505 | _aEnfoques del desarrollo y la problemática del mercado de la producción agropecuaria en Bolivia -- Modelos teóricos para el análisis organizacional -- Análisis de la información recogida... | ||
| 650 |
_aOrganización económica. _930742 |
||
| 650 |
_aAgricultura Boliviana. _930743 |
||
| 650 |
_aProblema agropecuario. _930744 |
||
| 942 |
_2ddc _cLIBROS |
||
| 945 |
_awfj _d2019-04-10 |
||